000 01180nam a22002417a 4500
005 20110913152830.0
008 110913t xxu||||| |||| 00| 0 mar d
010 _aMAR-21346
020 _c250.00
_a9788184982794
035 _aMR-14004
037 _bDBAD/PUB
040 _aDPL
_bMR
082 _a894.8143
100 _934729
_aभैरप्पा एस् एल्
245 _aकाठ /
_cएस् एल् भैरप्पा ; उमा वि कुलकर्णी द्वारा अनुवादित
246 _aKaath
_bby S L Bhyrappa
260 _aपुणे
_bमेहता पब्लिशिंग हाऊस
_c2011
270 _bपुणे
_a1941,सदाशिव पेठ,माडीवाले कॉलनी
_e411030
300 _a312पृ.
_c21सेमी(अजिल्द)
700 _aकुलकर्णी,उमा वि
_934791
942 _2ddc
_cMR
_mभैरप्पा
_h894.8143
999 _c56816
_d56816